[Event "9th Sharjah Cup Women 2018"]
[Site "Sharjah"]
[Date "2018.12.16"]
[Round "4"]
[White "Greibrokk, Ingrid"]
[Black "Shanya Mishra"]
[Result "0-1"]
[WhiteElo "1857"]
[BlackElo "1978"]
[Annotator "NA"]
[PlyCount "96"]
[EventDate "2018.12.14"]
[EventType "swiss"]
[EventCountry "UAE"]
[SourceTitle "playchess.com"]
[Source "ChessBase"]
[SourceQuality "1"]
[TimeControl "5400+30"]

1. c4 {[%emt 0:00:00]} Nf6 {[%emt 0:00:03]} 2. Nc3 {[%emt 0:00:00]} d5 {[%emt 0:00:47]} 3. cxd5 {[%emt 0:00:07]} Nxd5 {[%emt 0:00:53]} 4. g3 {[%emt 0:00:10]} e5 {[%emt 0:01:12]} 5. Bg2 {[%emt 0:00:06]} Nb6 {[%emt 0:01:02]} 6. Nf3 {[%emt 0:00:41]} Nc6 {[%emt 0:00:55]} 7. O-O {[%emt 0:01:24]} Be7 {[%emt 0:01:26]} 8. d3 {[%emt 0:00:47]} O-O {[%emt 0:01:13]} 9. a3 {[%emt 0:02:02]} a5 {[%emt 0:06:05]} 10. b3 {[%emt 0:00:25]} Be6 {[%emt 0:04:14]} 11. Bb2 {[%emt 0:02:29]} f6 {[%emt 0:03:20]} 12. Rc1 {[%emt 0:00:52]} Bd6 {[%emt 0:03:42]} 13. d4 {[%emt 0:12:37]} Nxd4 {[%emt 0:06:39]} 14. Nxd4 {[%emt 0:00:07]} exd4 {[%emt 0:00:49]} 15. Nb5 {[%emt 0:10:49]} c5 {[%emt 0:04:09]} 16. e3 {[%emt 0:03:45]} a4 {[%emt 0:05:51]} 17. Nxd6 {[%emt 0:15:11]} Qxd6 {[%emt 0:01:04]} 18. exd4 {[%emt 0:01:17]} axb3 {[%emt 0:10:27]} 19. dxc5 {[%emt 0:06:01]} Qxd1 {[%emt 0:00:13]} 20. Rfxd1 {[%emt 0:01:30]} Na4 {[%emt 0:02:21]} 21. Rd6 {[%emt 0:15:32]} Bf5 {[%emt 0:12:00]} 22. Bxb7 {[%emt 0:19:04]} Rab8 {[%emt 0:05:28]} 23. Bd5+ {[%emt 0:01:08]} Kh8 {[%emt 0:00:12]} 24. c6 {[%emt 0:01:29]} Nxb2 {[%emt 0:03:29]} 25. c7 {[%emt 0:00:04]} Rbe8 {[%emt 0:02:57]} 26. Bc6 {[%emt 0:02:20]} Rc8 {[%emt 0:01:29]} 27. Bb7 {[%emt 0:00:46]} Na4 {[%emt 0:01:08]} 28. Bxc8 {[%emt 0:00:25]} Bxc8 {[%emt 0:00:04]} 29. Rcd1 {[%emt 0:01:04]} b2 {[%emt 0:00:53]} 30. Rd8 {[%emt 0:01:33]} Kg8 {[%emt 0:00:11]} 31. Kg2 {[%emt 0:00:23]} Bb7+ {[%emt 0:01:42]} 32. f3 {[%emt 0:00:52]} Nc3 {[%emt 0:00:27]} 33. Re1 {[%emt 0:00:51]} b1=Q {[%emt 0:00:27]} 34. Rxb1 {[%emt 0:00:25]} Nxb1 {[%emt 0:00:04]} 35. Rb8 {[%emt 0:00:39]} Nxa3 {[%emt 0:02:15]} 36. Rxb7 {[%emt 0:00:05]} Nc4 {[%emt 0:00:06]} 37. Rb8 {[%emt 0:00:36]} Nd6 {[%emt 0:00:07]} 38. f4 {[%emt 0:00:42]} Kf7 {[%emt 0:00:13]} 39. Rxf8+ {[%emt 0:00:39]} Kxf8 {[%emt 0:00:05]} 40. f5 {[%emt 0:00:15]} Ke7 {[%emt 0:00:04]} 41. Kf3 {[%emt 0:00:28]} Kd7 {[%emt 0:00:05]} 42. g4 {[%emt 0:00:20]} Nf7 {[%emt 0:00:26]} 43. h4 {[%emt 0:00:11]} Kxc7 {[%emt 0:00:07]} 44. Kf4 {[%emt 0:00:42]} h6 {[%emt 0:00:05]} 45. g5 {[%emt 0:00:33]} hxg5+ {[%emt 0:00:05]} 46. hxg5 {[%emt 0:00:05]} Nxg5 {[%emt 0:00:22]} 47. Kg4 {[%emt 0:00:05]} Nf7 {[%emt 0:00:04]} 48. Kh5 {[%emt 0:00:14]} Ne5 {[%emt 0:00:05]} 0-1

[Event "9th Sharjah Cup Women 2018"]
[Site "Sharjah"]
[Date "2018.12.16"]
[Round "4"]
[White "Al Ghafri, Wafia"]
[Black "Drljevic, Ljilja"]
[Result "0-1"]
[WhiteElo "1675"]
[BlackElo "2208"]
[Annotator "NA"]
[PlyCount "84"]
[EventDate "2018.12.14"]
[EventType "swiss"]
[EventCountry "UAE"]
[SourceTitle "playchess.com"]
[Source "ChessBase"]
[SourceQuality "1"]
[TimeControl "5400+30"]

1. d4 {[%emt 0:00:00]} d6 {[%emt 0:00:00]} 2. Nf3 {[%emt 0:00:00]} Nf6 {[%emt 0:00:17]} 3. g3 {[%emt 0:00:00]} g6 {[%emt 0:00:48]} 4. Bg2 {[%emt 0:00:20]} Bg7 {[%emt 0:00:02]} 5. c4 {[%emt 0:01:16]} O-O {[%emt 0:00:11]} 6. O-O {[%emt 0:00:10]} Nbd7 {[%emt 0:01:32]} 7. Nc3 {[%emt 0:01:30]} c6 {[%emt 0:01:11]} 8. a4 {[%emt 0:06:08]} a5 {[%emt 0:04:45]} 9. e4 {[%emt 0:04:05]} e5 {[%emt 0:00:24]} 10. Be3 {[%emt 0:04:46]} Ng4 {[%emt 0:04:59]} 11. Bc1 {[%emt 0:05:49]} exd4 {[%emt 0:01:03]} 12. Nxd4 {[%emt 0:01:29]} Nge5 {[%emt 0:04:25]} 13. b3 {[%emt 0:08:58]} Nc5 {[%emt 0:05:32]} 14. h3 {[%emt 0:08:45]} Ned3 {[%emt 0:11:14]} 15. Be3 {[%emt 0:04:05]} Qe7 {[%emt 0:02:36]} 16. Qc2 {[%emt 0:06:44]} Nb4 {[%emt 0:03:11]} 17. Qb1 {[%emt 0:05:42]} Bd7 {[%emt 0:06:23]} 18. Rd1 {[%emt 0:05:14]} f5 {[%emt 0:08:30]} 19. f3 {[%emt 0:09:46]} fxe4 {[%emt 0:02:16]} 20. Nxe4 {[%emt 0:05:27]} Nxe4 {[%emt 0:02:56]} 21. Qxe4 {[%emt 0:01:11]} Qxe4 {[%emt 0:00:54]} 22. fxe4 {[%emt 0:00:13]} c5 {[%emt 0:00:23]} 23. Kh2 {[%emt 0:04:47]} Bxd4 {[%emt 0:05:15]} 24. Bxd4 {[%emt 0:00:45]} cxd4 {[%emt 0:00:03]} 25. Rxd4 Nc2 {[%emt 0:00:13]} 26. Rxd6 {[%emt 0:02:25]} Nxa1 {[%emt 0:00:13]} 27. Rxd7 {[%emt 0:00:09]} Rad8 {[%emt 0:00:41]} 28. Rxb7 {[%emt 0:00:20]} Rd2 {[%emt 0:00:14]} 29. Kg1 {[%emt 0:00:43]} Rd1+ {[%emt 0:00:06]} 30. Kh2 {[%emt 0:00:10]} Rf2 {[%emt 0:00:06]} 31. g4 {[%emt 0:02:39]} Rdd2 {[%emt 0:00:10]} 32. Kg3 {[%emt 0:01:04]} Rxg2+ {[%emt 0:00:47]} 33. Kf4 {[%emt 0:00:19]} Rgf2+ {[%emt 0:01:31]} 34. Ke5 {[%emt 0:00:31]} Rf7 {[%emt 0:00:39]} 35. Rb5 {[%emt 0:00:53]} Kg7 {[%emt 0:00:36]} 36. c5 {[%emt 0:00:44]} Re7+ {[%emt 0:01:04]} 37. Kf4 {[%emt 0:00:25]} Rd4 {[%emt 0:01:58]} 38. c6 {[%emt 0:00:42]} Rdxe4+ {[%emt 0:00:35]} 39. Kf3 {[%emt 0:00:33]} Re3+ {[%emt 0:00:49]} 40. Kf4 {[%emt 0:00:47]} h6 {[%emt 0:00:41]} 41. Rb7 {[%emt 0:01:26]} g5+ {[%emt 0:00:07]} 42. Kf5 {[%emt 0:00:20]} R3e5# {[%emt 0:00:05] Kxe5} 0-1

[Event "9th Sharjah Cup Women 2018"]
[Site "Sharjah"]
[Date "2018.12.16"]
[Round "4"]
[White "Choksi, Khushi"]
[Black "Mona, Khaled"]
[Result "0-1"]
[WhiteElo "1589"]
[BlackElo "2158"]
[Annotator "NA"]
[PlyCount "106"]
[EventDate "2018.12.14"]
[EventType "swiss"]
[EventCountry "UAE"]
[SourceTitle "playchess.com"]
[Source "ChessBase"]
[SourceQuality "1"]
[TimeControl "5400+30"]

1. d4 {[%emt 0:00:00]} d5 {[%emt 0:00:00]} 2. Nf3 {[%emt 0:00:00]} e6 {[%emt 0:00:00]} 3. e3 {[%emt 0:00:04]} f5 {[%emt 0:00:10]} 4. c4 {[%emt 0:00:20]} Nf6 {[%emt 0:00:07]} 5. Nbd2 {[%emt 0:02:15]} c6 {[%emt 0:00:04]} 6. Bd3 {[%emt 0:01:09]} Bd6 {[%emt 0:00:07]} 7. Ne5 {[%emt 0:00:30]} O-O {[%emt 0:00:14]} 8. O-O {[%emt 0:00:42]} Bxe5 {[%emt 0:01:39]} 9. dxe5 {[%emt 0:00:11]} Ng4 {[%emt 0:00:05]} 10. Nf3 {[%emt 0:09:49]} Nd7 {[%emt 0:00:17]} 11. cxd5 {[%emt 0:01:26]} exd5 {[%emt 0:00:24]} 12. b3 {[%emt 0:11:18]} Ndxe5 {[%emt 0:00:13]} 13. Nxe5 {[%emt 0:00:08]} Nxe5 {[%emt 0:00:05]} 14. Bc2 {[%emt 0:03:42]} Ng4 {[%emt 0:04:42]} 15. Bb2 {[%emt 0:05:36]} Qd6 {[%emt 0:04:06]} 16. g3 {[%emt 0:02:30]} Qh6 {[%emt 0:00:13]} 17. h4 {[%emt 0:03:40]} Nf6 {[%emt 0:00:34]} 18. Qf3 {[%emt 0:05:46]} Ne4 {[%emt 0:00:39]} 19. Qf4 {[%emt 0:01:09]} Qxf4 {[%emt 0:00:24]} 20. exf4 {[%emt 0:00:15]} b6 {[%emt 0:00:19]} 21. Kg2 {[%emt 0:03:08]} Ba6 {[%emt 0:03:40]} 22. Rfe1 {[%emt 0:02:25]} Rae8 {[%emt 0:00:31]} 23. Rad1 {[%emt 0:02:10]} Bb7 {[%emt 0:04:59]} 24. Be5 {[%emt 0:04:47]} g6 {[%emt 0:03:49]} 25. f3 {[%emt 0:05:16]} Nf6 {[%emt 0:01:16]} 26. Kf2 {[%emt 0:03:45]} Kf7 {[%emt 0:00:14]} 27. b4 {[%emt 0:02:09]} Ra8 {[%emt 0:04:49]} 28. Bb3 {[%emt 0:03:24]} Rfd8 {[%emt 0:02:12]} 29. Bc7 {[%emt 0:01:21]} Rd7 {[%emt 0:00:26]} 30. Be5 {[%emt 0:00:12]} a5 {[%emt 0:01:27]} 31. Bd4 {[%emt 0:01:47]} axb4 {[%emt 0:07:09]} 32. Bxb6 {[%emt 0:00:17]} Ba6 {[%emt 0:00:04]} 33. Bc5 {[%emt 0:01:49]} Rb7 {[%emt 0:00:08]} 34. Rb1 {[%emt 0:12:58]} Bd3 {[%emt 0:00:45]} 35. Rb2 {[%emt 0:01:20]} Ra5 {[%emt 0:00:31]} 36. Rc1 {[%emt 0:04:18]} Bc4 {[%emt 0:01:30]} 37. Bd4 {[%emt 0:01:01]} c5 {[%emt 0:11:25]} 38. Bxc4 {[%emt 0:02:10]} dxc4 {[%emt 0:00:04]} 39. Bxf6 {[%emt 0:00:33]} Kxf6 {[%emt 0:00:05]} 40. Rxc4 {[%emt 0:00:09]} Ke6 {[%emt 0:00:04]} 41. Rbc2 {[%emt 0:00:54]} Kd5 {[%emt 0:00:37]} 42. Ke2 {[%emt 0:00:55]} Rbb5 {[%emt 0:03:08]} 43. g4 {[%emt 0:02:29]} Ra3 {[%emt 0:00:14]} 44. gxf5 {[%emt 0:00:57]} gxf5 {[%emt 0:00:06]} 45. h5 {[%emt 0:00:14]} Ra6 {[%emt 0:00:52]} 46. Kd3 {[%emt 0:00:45]} Rba5 {[%emt 0:00:14]} 47. Kd2 {[%emt 0:01:11]} Rh6 {[%emt 0:00:10]} 48. Kd3 {[%emt 0:00:24]} Rxh5 {[%emt 0:00:08]} 49. Ke3 {[%emt 0:00:31]} Rh1 {[%emt 0:00:32]} 50. Rc1 {[%emt 0:00:24]} Ra3+ {[%emt 0:00:25]} 51. Kf2 {[%emt 0:00:14]} Rxa2+ {[%emt 0:00:16]} 52. Kg3 {[%emt 0:00:16]} Rxc1 {[%emt 0:00:12]} 53. Rxc1 {[%emt 0:00:06]} b3 {[%emt 0:00:03]} 0-1

[Event "9th Sharjah Cup Women 2018"]
[Site "Sharjah"]
[Date "2018.12.16"]
[Round "4"]
[White "Amal Fadel S M Alshamsi"]
[Black "Alieva, Alexandra"]
[Result "0-1"]
[WhiteElo "1520"]
[BlackElo "2102"]
[Annotator "NA"]
[PlyCount "96"]
[EventDate "2018.12.14"]
[EventType "swiss"]
[EventCountry "UAE"]
[SourceTitle "playchess.com"]
[Source "ChessBase"]
[SourceQuality "1"]
[TimeControl "5400+30"]

1. e4 {[%emt 0:00:00]} e5 {[%emt 0:00:00]} 2. Nf3 {[%emt 0:00:00]} Nc6 {[%emt 0:00:00]} 3. Bc4 {[%emt 0:00:00]} Nf6 {[%emt 0:00:01]} 4. d3 {[%emt 0:00:00]} h6 {[%emt 0:00:21]} 5. Nbd2 {[%emt 0:00:03]} Bc5 {[%emt 0:00:19]} 6. Nf1 {[%emt 0:01:15]} d6 {[%emt 0:02:56]} 7. c3 {[%emt 0:00:23]} Bb6 {[%emt 0:00:19]} 8. h3 {[%emt 0:00:46]} O-O {[%emt 0:00:38]} 9. Bb3 {[%emt 0:06:53]} Ne7 {[%emt 0:00:25]} 10. g4 {[%emt 0:01:47]} Nh7 {[%emt 0:05:24]} 11. g5 {[%emt 0:05:50]} h5 {[%emt 0:05:32]} 12. Ng3 {[%emt 0:04:24]} g6 {[%emt 0:02:28]} 13. Nh4 {[%emt 0:07:15]} Be6 {[%emt 0:02:49]} 14. Bxe6 {[%emt 0:08:52]} fxe6 {[%emt 0:00:09]} 15. O-O {[%emt 0:00:27]} Qe8 {[%emt 0:08:13]} 16. Ng2 {[%emt 0:06:03]} Qf7 {[%emt 0:05:52]} 17. Be3 {[%emt 0:03:30]} Qf3 {[%emt 0:03:41]} 18. Qxf3 {[%emt 0:04:51]} Rxf3 {[%emt 0:00:06]} 19. Bxb6 {[%emt 0:00:06]} axb6 {[%emt 0:00:08]} 20. Ne1 {[%emt 0:01:14]} Rf7 {[%emt 0:04:17]} 21. h4 {[%emt 0:00:55]} d5 {[%emt 0:00:18]} 22. exd5 {[%emt 0:02:09]} exd5 {[%emt 0:00:30]} 23. Ng2 {[%emt 0:00:22]} Nf8 {[%emt 0:00:52]} 24. f4 {[%emt 0:00:55]} Nd7 {[%emt 0:04:41]} 25. fxe5 {[%emt 0:01:00]} Nxe5 {[%emt 0:00:52]} 26. Rxf7 {[%emt 0:00:46]} Kxf7 {[%emt 0:00:44]} 27. Nf4 {[%emt 0:05:29]} Nf3+ {[%emt 0:01:46]} 28. Kf2 {[%emt 0:00:58]} Nxh4 {[%emt 0:01:49]} 29. a3 {[%emt 0:00:23]} c6 {[%emt 0:03:20]} 30. Rh1 {[%emt 0:02:10]} Nhf5 {[%emt 0:00:32]} 31. Nxf5 {[%emt 0:00:15]} Nxf5 {[%emt 0:00:05]} 32. Re1 {[%emt 0:00:20]} Ng7 {[%emt 0:04:07]} 33. Kg3 {[%emt 0:03:16]} Re8 {[%emt 0:00:14]} 34. Rxe8 {[%emt 0:00:56]} Nxe8 {[%emt 0:00:05]} 35. Ne2 {[%emt 0:00:16]} Ng7 {[%emt 0:01:38]} 36. Kf3 {[%emt 0:01:53]} Ne6 {[%emt 0:00:19]} 37. c4 {[%emt 0:01:06]} dxc4 {[%emt 0:00:41]} 38. dxc4 {[%emt 0:00:05]} Nxg5+ {[%emt 0:00:07]} 39. Kf4 {[%emt 0:00:03]} Kf6 {[%emt 0:00:09]} 40. Nd4 {[%emt 0:00:22]} Ne6+ {[%emt 0:00:06]} 41. Nxe6 {[%emt 0:00:06]} Kxe6 {[%emt 0:00:07]} 42. Kg5 {[%emt 0:00:06]} Ke5 {[%emt 0:00:06]} 43. b3 {[%emt 0:00:09]} Kd4 {[%emt 0:00:04]} 44. Kh4 {[%emt 0:00:09]} Kc3 {[%emt 0:00:04]} 45. b4 {[%emt 0:00:10]} Kxc4 {[%emt 0:00:05]} 46. Kg5 {[%emt 0:00:02]} Kb3 {[%emt 0:00:04]} 47. b5 {[%emt 0:00:02]} cxb5 {[%emt 0:00:06]} 48. a4 {[%emt 0:00:01]} bxa4 {[%emt 0:00:04]} 0-1

[Event "9th Sharjah Cup Women 2018"]
[Site "Sharjah"]
[Date "2018.12.16"]
[Round "4"]
[White "Al-Shamsi, Ousha"]
[Black "Patil, Mitali"]
[Result "0-1"]
[WhiteElo "1429"]
[BlackElo "2081"]
[Annotator "NA"]
[PlyCount "70"]
[EventDate "2018.12.14"]
[EventType "swiss"]
[EventCountry "UAE"]
[SourceTitle "playchess.com"]
[Source "ChessBase"]
[SourceQuality "1"]
[TimeControl "5400+30"]

1. e4 {[%emt 0:00:00]} d5 {[%emt 0:00:00]} 2. exd5 {[%emt 0:00:00]} Qxd5 {[%emt 0:00:00]} 3. Nc3 {[%emt 0:00:00]} Qa5 {[%emt 0:00:00]} 4. d4 {[%emt 0:00:06]} Nf6 {[%emt 0:00:00]} 5. Nf3 {[%emt 0:00:15]} Bg4 {[%emt 0:00:00]} 6. Be2 {[%emt 0:00:40]} e6 {[%emt 0:01:00]} 7. O-O {[%emt 0:13:51]} Nbd7 {[%emt 0:01:02]} 8. h3 {[%emt 0:04:37]} Bh5 {[%emt 0:00:38]} 9. Bd2 {[%emt 0:00:46]} c6 {[%emt 0:00:12]} 10. Re1 {[%emt 0:12:48]} Qc7 {[%emt 0:00:20]} 11. a3 {[%emt 0:06:14]} Bd6 {[%emt 0:05:40]} 12. b4 {[%emt 0:11:44]} O-O {[%emt 0:00:21]} 13. Na2 {[%emt 0:11:13]} Ne4 {[%emt 0:04:22]} 14. Be3 {[%emt 0:00:16]} a5 {[%emt 0:08:34]} 15. Qd3 {[%emt 0:06:28]} Bg6 {[%emt 0:18:30]} 16. Qb3 {[%emt 0:03:38]} Be7 {[%emt 0:09:49]} 17. c4 {[%emt 0:01:56]} f5 {[%emt 0:02:42]} 18. d5 {[%emt 0:05:26]} exd5 {[%emt 0:04:14]} 19. cxd5 {[%emt 0:00:37]} Bf7 {[%emt 0:01:11]} 20. Rac1 {[%emt 0:03:36]} Qb8 {[%emt 0:10:34]} 21. Nc3 {[%emt 0:04:33]} Nxc3 {[%emt 0:02:11]} 22. Qxc3 {[%emt 0:00:45]} axb4 {[%emt 0:00:24]} 23. axb4 {[%emt 0:00:36]} Bxd5 {[%emt 0:00:30]} 24. Bc4 {[%emt 0:01:42]} Nf6 {[%emt 0:01:53]} 25. Bd4 {[%emt 0:04:32]} Qd8 {[%emt 0:01:43]} 26. Ng5 {[%emt 0:01:31]} Re8 {[%emt 0:09:44]} 27. Qg3 {[%emt 0:01:37]} Nh5 {[%emt 0:10:28]} 28. Ne6 {[%emt 0:02:48]} Nxg3 {[%emt 0:02:16]} 29. Nxd8 {[%emt 0:00:03]} Bxc4 {[%emt 0:03:04]} 30. Rxc4 {[%emt 0:01:12]} Raxd8 {[%emt 0:01:32]} 31. fxg3 {[%emt 0:00:10]} b5 {[%emt 0:00:12]} 32. Bb6 {[%emt 0:00:26]} Bc5+ {[%emt 0:01:07]} 33. Rxc5 {[%emt 0:00:52]} Rxe1+ {[%emt 0:00:06]} 34. Kf2 {[%emt 0:00:37]} Rde8 {[%emt 0:00:19]} 35. Rxc6 {[%emt 0:01:05]} R1e6 {[%emt 0:00:50]} 0-1

[Event "9th Sharjah Cup Women 2018"]
[Site "Sharjah"]
[Date "2018.12.17"]
[Round "5"]
[White "Szczepkowska, Karina"]
[Black "Kejzar, Petra"]
[Result "1-0"]
[WhiteElo "2408"]
[BlackElo "2062"]
[Annotator "TA"]
[PlyCount "99"]
[EventDate "2018.12.14"]
[EventType "swiss"]
[EventCountry "UAE"]
[SourceTitle "playchess.com"]
[Source "ChessBase"]
[SourceQuality "1"]

{[%evp 24,99,205,199,287,287,280,279,285,281,337,345,320,287,300,303,294,273,305,303,287,295,270,284,295,273,282,237,236,184,185,136,246,249,250,248,333,293,397,387,368,379,527,356,357,339,347,328,353,349,358,346,389,431,550,564,733,744,683,656,29971,29972,29960,29964,4079,3525,1506,703,580,713,683,693,681,658,1271,1193,29994,29995]} 1. d4 d5 2. Nf3 Nf6 3. c4 c6 4. Nc3 dxc4 5. a4 Bf5 6. Ne5 e6 7. f3 Bb4 8. Nxc4 c5 9. dxc5 Qxd1+ 10. Kxd1 Bxc5 {D17: Slav Defence: 5 a4 Bf5: Lines with 6 Nh4 and 6 Ne5} 11. e4 Bg6 12. Nb5 Na6 13. Nbd6+ {LiveBook: 3 Games} Ke7 (13... Kf8 {was called for.}) 14. Nxb7 $18 Bb4 15. Ne5 Nb8 16. Nd3 Nc6 17. Nxb4 Nxb4 {[#]} 18. Be3 $146 ({Predecessor:} 18. Bf4 Ne8 19. Rc1 a5 20. Bd2 {1-0 (18) Sokolovs,A (2512)-Berg,K (2418) Morso 2002}) 18... Nd7 19. Bd2 Nc6 20. Bb5 Nde5 21. Rc1 Rhc8 22. Na5 Nxa5 23. Bb4+ ({Much less strong is} 23. Bxa5 $6 f6 $16) 23... Kf6 24. Bxa5 a6 25. Be2 {Hoping for Rxc8.} Nc6 26. Bc3+ $40 {[%mdl 128] White wants a kill.} e5 27. Bc4 {Threatens to win with h4.} Rd8+ (27... Ke7 $16 {was necessary.} 28. Kd2 f6) 28. Ke2 Nd4+ 29. Ke3 a5 30. Bd5 Ra6 31. f4 Ke7 32. fxe5 Ne6 33. Be1 Rb8 34. b3 Bh5 35. Rf1 Ra7 36. Rf2 Nc7 37. Bc4 Ne6 38. Rfc2 Nc5 39. Bh4+ g5 40. Bxg5+ Kf8 41. Bd5 Ne6 42. Rc8+ Rxc8 43. Rxc8+ Kg7 44. Bf6+ Kh6 45. g4 Bxg4 46. Rg8 Bd1 47. Kd2 Bf3 48. Rg3 Nd4 49. Ke3 Nf5+ 50. exf5 {Accuracy: White = 80%, Black = 38%.} 1-0

[Event "9th Sharjah Cup Women 2018"]
[Site "Sharjah"]
[Date "2018.12.17"]
[Round "5"]
[White "Bulmaga, Irina"]
[Black "Kiolbasa, Oliwia"]
[Result "1-0"]
[WhiteElo "2391"]
[BlackElo "2244"]
[Annotator "TA"]
[PlyCount "87"]
[EventDate "2018.12.14"]
[EventType "swiss"]
[EventCountry "UAE"]
[SourceTitle "playchess.com"]
[Source "ChessBase"]
[SourceQuality "1"]

{[%evp 25,87,-8,-6,-17,-2,-10,-14,-6,0,0,0,-22,-7,-18,-15,-24,0,0,0,0,0,0,0,0,0,-16,27,35,50,42,52,50,49,42,88,65,221,52,206,214,583,583,697,678,1356,1330,1070,894,1000,432,574,425,29987,29988,29988,5406,5182,5182,29980,29981,6375,4133,2022,1811]} 1. e4 e5 2. Nf3 Nc6 3. Bb5 a6 4. Ba4 Nf6 5. O-O Be7 6. Re1 b5 7. Bb3 d6 8. c3 O-O 9. h3 Bb7 10. d4 Nd7 {C92: Closed Ruy Lopez: 9...Be6, Karpov and Flohr-Zaitsev Variations} (10... Re8 11. Nbd2 Bf8 12. a3 Nb8 13. Ng5 Re7 14. Ndf3 Nbd7 15. Nxf7 Rxf7 16. Ng5 d5 17. Nxf7 Kxf7 18. f4 exd4 19. e5 dxc3 20. bxc3 Kg8 21. exf6 Nxf6 {1-0 (39) Topalov,V (2740)-Karpov,A (2623) Salamanca 2018}) 11. a4 Na5 12. Bc2 c5 13. dxc5 dxc5 {LiveBook: 3 Games} 14. Qe2 $146 ({Predecessor:} 14. Nbd2 c4 15. Nf1 Nc5 16. Qxd8 Rfxd8 17. axb5 axb5 18. Nxe5 {0-1 (35) Teclaf,P (2358)-Boruchovsky,A (2557) Minsk 2017}) 14... c4 15. Be3 Qc7 16. Nbd2 Nc5 17. Bxc5 Bxc5 18. Nf1 Rfe8 19. Ne3 Qb6 20. Ng4 Qc7 21. Red1 Bc6 22. Nh4 {[%cal Bf3h4,Bh4f5,Bf5e3,Be3d5][%mdl 32]} Nb3 23. Bxb3 cxb3 24. Nf5 {Black must now prevent Nf6+!} Kh8 25. Qf3 {Hoping for axb5.} Bf8 (25... f6 {is interesting.} 26. axb5 Bxb5 27. Rd5 Bf8 28. Nge3 Reb8) 26. axb5 axb5 27. Rxa8 Bxa8 28. Nfe3 $36 {[%mdl 2048] White is more active.} f6 29. Nd5 Qc6 30. h4 Bb7 $2 {[#]} (30... Rb8 $14) 31. h5 $2 ({Better is} 31. Ndxf6 $1 $18 {[%mdl 512]} gxf6 32. Nxf6) 31... Bc8 $2 {[#]} ({Black should play} 31... h6 $1 $14) 32. h6 $1 $18 {[%mdl 512]} f5 $2 (32... Rd8 {is a better chance.} 33. Ra1 Qe8 34. hxg7+ Bxg7) (32... gxh6 33. Ngxf6) 33. exf5 {[%cal Be4f5,Bf5f6][%mdl 32]} e4 34. Qf4 Rd8 35. hxg7+ Bxg7 36. f6 Bf8 37. Nge3 (37. Ne5 $142 {Nf7+ would kill now.} Qe6 38. Qxe4) 37... Qe6 38. Rd4 Bb7 (38... Qf7 $18 39. Nb6 Re8 40. Nxc8 Rxc8) 39. Nc7 {[%mdl 64] Double Attack} Qc8 40. Rxd8 (40. f7 $142 Bg7 41. Rxd8+ Qxd8 42. Ne6 Qe7 43. Qb8+ Bc8 44. Qxc8+ Bf8 45. Qe8) 40... Qxd8 41. Ne6 Qe8 42. Nxf8 Qxf8 43. f7 {Threatening mate with Qf6+.} Kg7 44. Nf5+ {Accuracy: White = 50%, Black = 28%.} 1-0

[Event "9th Sharjah Cup Women 2018"]
[Site "Sharjah"]
[Date "2018.12.17"]
[Round "5"]
[White "Gu, Xiaobing"]
[Black "Cornette, Deimante"]
[Result "1/2-1/2"]
[WhiteElo "2295"]
[BlackElo "2455"]
[Annotator "TA"]
[PlyCount "85"]
[EventDate "2018.12.14"]
[EventType "swiss"]
[EventCountry "UAE"]
[SourceTitle "playchess.com"]
[Source "ChessBase"]
[SourceQuality "1"]

{[%evp 23,85,31,31,0,-7,-31,-17,-24,-32,-29,-22,-24,-19,-85,-40,-80,-78,-73,-74,-38,-50,-228,-46,-46,-52,-51,-46,-89,-30,-72,-76,-70,-24,-121,-124,-112,-104,-101,-97,-82,-35,-32,-31,-58,-25,-25,-20,-177,-160,-213,-214,-200,-69,-85,0,0,0,0,0,0,0,0,0,0]} 1. e4 c5 2. Nf3 Nc6 3. Bb5 e6 4. O-O Nge7 5. c3 a6 6. Ba4 b5 7. Bc2 Bb7 8. Re1 c4 {B30: Sicilian: 2...Nc6 3 Bb5, lines without ...g6} 9. a4 Ng6 10. axb5 axb5 11. Rxa8 Bxa8 12. d4 cxd3 {LiveBook: 4 Games} 13. Bxd3 b4 14. Qa4 $146 ({Predecessor:} 14. e5 Be7 15. Nbd2 O-O 16. Nc4 bxc3 17. bxc3 {0-1 (45) Dzhumaev,M (2492)-Moiseenko,A (2670) Belgorod 2010}) 14... Be7 15. cxb4 Nxb4 16. Bb5 O-O 17. Bd2 ({Of course not} 17. Bxd7 Nd3 $17) 17... Nc6 18. b4 (18. Nc3 $11) 18... Qb8 19. Na3 f5 20. exf5 Rxf5 21. Be2 Nf4 22. b5 $2 {[#]} ({Better is} 22. Nc2 $15) 22... Na7 $2 (22... Nxg2 $1 $19 {[%mdl 512]} 23. Ra1 (23. Kxg2 $2 Ne5 $19) 23... Ne5 24. Nxe5 Qxe5 {[%mdl 64] Double Attack} 25. Qxa8+ Rf8) 23. Bxf4 $1 $15 Rxf4 24. Qb3 Bd5 25. Qd3 Qb7 ({Black should try} 25... Bc5 $17 26. Nc2 Bxf3 27. Bxf3 Qxb5) 26. Rc1 Ra4 27. Nc4 Nxb5 28. Nb6 (28. Ne3 $11 Bc6 29. Rb1) 28... Qxb6 $17 29. Qxb5 Qxb5 30. Bxb5 Ra7 31. Ne5 g6 32. Nxd7 Rb7 33. Ba4 $1 Rb4 34. Bd1 Bg5 35. f4 $2 (35. Ra1 $11 {and White has nothing to worry.}) 35... Rxf4 $19 36. Rc8+ {[#]} (36. Rc3 $17) 36... Kg7 $1 {...Rf7 is the strong threat.} 37. Ne5 {[#]} h5 (37... Rf5 $1 $19 {( -> ...Be3+)} 38. Rc7+ Kf8) 38. Bc2 Bf6 ({Black should play} 38... Kf6 $17 39. Nd7+ Ke7) 39. Rc7+ {The position is equal.} Kg8 (39... Kh6 $5 40. Nf7+ $8 Kg7 41. Ne5+ Kh6 42. Nf7+ Kh7 43. Ne5+ Kg8 44. Rc8+ Kh7 45. Rc7+ Kh6 $11) 40. Rc8+ Kg7 41. Rc7+ Kg8 (41... Kh6 $5 42. Nf7+ $8 Kg7 43. Ne5+ $11) 42. Rc8+ Kg7 43. Rc7+ {Accuracy: White = 28%, Black = 52%.} 1/2-1/2